000 00723nam a22002657a 4500
001 35266
003 UA-OsUOA
005 20201128230534.0
007 ta
008 20051114b un ||||| |||| 00| 0 ukr d
020 _a5-86509-050-Х
040 _aUA-OsUOA
_bukr
_cUA-OsUOA
_dUA-OsUOA
041 _aukr
080 _a336.(075.8)
090 _a336.(075.8)
_bА86
100 _aАртеменко В. Г.
245 _aФинансовый анализ
_bучебное пособие
260 _aМ.
_bДис
_c1997
300 _a128 с.
650 7 _2UDC
700 _aБеллендир М. В.
942 _cBK
_2udc
955 _a2
999 _c321625
_d321625